| 000 | 00446nam a2200157Ia 4500 | ||
|---|---|---|---|
| 008 | 210716s2010 xx 000 0 und d | ||
| 020 | _a9788126528189 | ||
| 041 | _aeng | ||
| 082 | _a658.802 SZED | ||
| 100 | _aSzetela, David;Kerschbaum, Joseph. | ||
| 245 |
_aPay per click search engine marketing: an hour a day. _bHour a day. |
||
| 250 | _a1 | ||
| 260 |
_aNew Delhi _bWiley India Pvt Ltd _c2010 |
||
| 300 | _axxxvi,395 | ||
| 650 | _aMarketing | ||
| 999 |
_c206971 _d206971 |
||